| 000 | 00422nam a22001457a 4500 | ||
|---|---|---|---|
| 999 |
_c4998 _d235502 |
||
| 080 | _a347.6 Sa 38 | ||
| 100 | _aSalvador, Horacio | ||
| 245 |
_aLos Hijos extrañan mas que sus padres _bcrítica a las nuevas formas de Vinculación familiar |
||
| 260 |
_aMar del Plata _bSuárez _c2014 |
||
| 300 | _a50 P. | ||
| 650 | _xderecho de familia | ||
| 650 |
_xfamiia _xfamilia ensamblada |
||
| 945 |
_acd _d2019-08-06 |
||
| 942 | _6_ | ||